| 000 | 00704nam a22002057a 4500 | ||
|---|---|---|---|
| 999 |
_c8709 _d8709 |
||
| 003 | OSt | ||
| 005 | 20180301131207.0 | ||
| 008 | 180301b1985 bg ||||| |||| 00| 0 ben d | ||
| 035 | _a(BD-JhCC) | ||
| 040 |
_aBD-JhCC _dBD-JhCC |
||
| 041 | _aben | ||
| 082 |
_a491.44 _bMOR 1985 |
||
| 100 | _aমোরশেদ, ডঃ আবুল কালাম মনজুর | ||
| 245 |
_aবাংলা সম্বন্ধবাচক সর্বনাম / _c ডঃ আবুল কালাম মনজুর মোরশেদ |
||
| 260 |
_aঢাকাঃ _bবাংলা একাডেমী _c1985. |
||
| 300 |
_a254 p. : _c22 cm. |
||
| 650 | _aBengali Grammar | ||
| 942 |
_2ddc _cBK |
||